Nuevas narrativas para Europa ¿Qu ̌Europa reconstruir tras 60 aǫs de los tratados de Roma? /

Detalles Bibliográficos
Autor principal: Bengoetxea, Joxerramon
Formato: eBook
Lenguaje:español
Publicado: Madrid: Dykinson, 2018
Materias:
Acceso en línea:Acceso restringido

MARC

LEADER 00000nam a22000007a 4500
005 2018110206536.0
007 cr|||| ||||
008 181102s2018 es |||||s|||| 00||0 spa d
020 |a 978-84-9148-637-4 
035 |a 21980 
040 |a vLex 
090 |c 8274  |d 8274 
100 1 |a Bengoetxea, Joxerramon 
245 1 0 |a Nuevas narrativas para Europa  |h [Recurso electrn̤ico] :  |b ¿Qu ̌Europa reconstruir tras 60 aǫs de los tratados de Roma? /  |c Joxerramon Bengoetxea 
256 |a Servicio en ln̕ea 
260 |a Madrid:  |b Dykinson,  |c 2018 
300 |a 1 recurso electrn̤ico 
500 |a (...) La Unin̤ Europea ha cumplido sesenta aǫs. Fue el 25 de marzo de 1957. La sucesiva ampliacin̤ del nm︢ero de Estados, particularmente las l︢timas, no han sido procesos sencillos. A pesar de haber sido el resultado de un compromiso polt̕ico con la reunificacin̤ del continente europeo, tales procesos han sido objeto de una evaluacin̤ muy crt̕ica. No en vano, desde su materializacin̤, no puede negarse el incremento de la heterogencidad de los Estados de la Unin̤ y, como consecuencia, la dificultad para armonizar intereses comunes sobre el propio proceso de integracin̤ europea (...). A todo ello hay que aądir, adems̀, una circunstancia sin precedentes en la historia de la construccin̤ europea, como es la solicitud de retirada del Reino Unido. (...) Lo realmente importante es que la Unin̤ Europea parece haber despertado de su letargo polt̕ico. Gracias a las dificultades internas y externas que el proyecto se ha encontrado en los l︢timos tiempos, los Estados y la instituciones europeas han querido aprovechar la conmemoracin̤ del sexagšimo aniversario de los Tratados constitutivos para confirmar la voluntad de seguir avanzando en la consolidacin̤ de un proyecto en el que “actuaremos juntos, a distintos ritmos y con distinta intensidad cuando sea necesario, mientras avanzamos en la misma direccin̤, como hemos hecho en el pasado, de conformidad con los Tratados y manteniendo la puerta abierta a quienes quieran unirse ms̀ adelante” (...). 
506 1 |a Disponible solo en los productos indicados  |d vLex Global  |d vLex Global (Academic Edition, excluding Law Schools)  |d vLex Global (U.S. Academic Edition, Law Schools)  |d vLex Global (U.S. Academic Edition, excluding Law Schools)  |d vLex Global (Academic Edition, Law Schools) 
650 0 4 |a Derecho Constitucional  |z Espaą 
650 0 4 |a Derecho Internacional  |z Espaą 
740 0 |a vLex Libros (Servicio en ln̕ea) 
856 4 0 |u http://vlex.com/source/nuevas-narrativas-para-europa-que-europa-reconstruir-tras-60-a-os-de-los-tratados-de-roma--21980  |z Acceso restringido 
942 |c BOOK 
999 0 |a Constitutional Law 
999 0 |a International Law